| 000 | 00767nam a2200265Ia 4500 | ||
|---|---|---|---|
| 001 | Para_4773 | ||
| 003 | CHAP | ||
| 008 | 220125s1902 xx 000 0 und d | ||
| 010 | _a204703 | ||
| 040 | _cCHAP | ||
| 090 | _aPA FOLLETO 2175 | ||
| 100 |
_aBarrett, O. W. _9170685 |
||
| 245 |
_aThe changa, or mole cricket (Scapteriscus didactylus Latr.) in Porto Rico / _c O. W. Barrett Mayarguez |
||
| 260 |
_aPorto Rico : _b Agr. Exp. Sta. |
||
| 300 | _a20 p. | ||
| 440 |
_aPuerto Rico. Agr. Exp. Sta. Bull.; 2 _9170686 |
||
| 650 |
_aScapteriscus vicinus _9102864 |
||
| 901 | _aPA FOLLETO 2175 | ||
| 902 | _aA | ||
| 905 | _a0000001902 POR 0000000000 00 | ||
| 910 | _a1902 | ||
| 942 | _cPARA | ||
| 942 |
_cPARA _d1 |
||
| 999 |
_c204703 _d204703 |
||